000 00353 a2200169 4500
001 170465
020 _a85-262-1036-X
040 _cMagnum
100 _aMachado, Ana Maria
240 1 0 _aPeer gynt
_lpor
245 1 0 _aPeer gynt
300 _a102
362 0 _a1997
440 1 _aScipione
697 _aLITERATURA JUVENIL ESTRANGEIRA
942 _cBK
999 _c170465
_d170465